00523nam a2200205 a 4500001001300000003000900013005001700022008004100039020001000080082001300090100002000103245002800123260003000151300000800181500003500189505002800224650001300252650003200265700002000297nice12345678IN_TiNIC20260116011809.0050524s1928 egya grp 000 0 per  ac10000a230bGAI aGairdner, Canon aSharh Injil-I-Barnabas. aEgyptbMatba-E-Neelc1928 a69p aincludes index and biblioraphy2 aHand Written Manuscript aTheology aApocryphal Gospels-Barnabas1 aGairdner, Canon